[Event "Cappelle Open"]
[Site "Cappelle la Grande FRA"]
[Date "1993.??.??"]
[Round "7"]
[White "Grigorov, Jordan N"]
[Black "Vaisser, Anatoli V"]
[Result "1/2-1/2"]
[WhiteElo "2380"]
[BlackElo "2570"]
[PlyCount "109"]
[EventDate "1993.02.??"]
[Source "www.chesslib.no"]
[SourceDate "2004.05.04"]

1. e4 e6 2. d4 d5 3. Nc3 Nf6 4. Bg5 Bb4 5. exd5 Qxd5 6. Bxf6 Bxc3+ 7. bxc3 gxf6 8. Nf3 b6 9. Be2 Bb7 10. O-O Rg8 11. a4 Nc6 12. Qd3 O-O-O 13. Rfb1 Qh5 14. Ne1 Qg6 15. Bf3 Qxd3 16. cxd3 Na5 17. Bxb7+ Kxb7 18. Rb5 Rg5 19. Rab1 Rgd5 20. Kf1 c6 21. R5b2 c5 22. dxc5 Rxc5 23. Rb5 Rdc8 24. c4 e5 25. Ke2 Nc6 26. Nc2 Ne7 27. Ne3 f5 28. g3 R8c6 29. f4 exf4 30. gxf4 Rxb5 31. Rxb5 Rh6 32. Nxf5 Rxh2+ 33. Kf3 a6 34. Re5 Nc6 35. Rd5 Kc7 36. Ng7 Nb4 37. Rf5 Nxd3 38. Rxf7+ Kc6 39. Ne6 Nb2 40. Ke4 Kd6 41. Ng5 Nxa4 42. Nxh7 Nc5+ 43. Kf5 a5 44. Ng5 Rc2 45. Rf6+ Kc7 46. Rf7+ Kd6 47. Rf6+ Kc7 48. Rf7+ Kb8 49. Nf3 Rxc4 50. Ne5 Rc1 51. Nc6+ Kc8 52. Ne7+ Kd8 53. Nc6+ Ke8 54. Re7+ Kf8 55. Kg6 1/2-1/2

[Event "Leningrad"]
[Site "Leningrad"]
[Date "1989.??.??"]
[Round "?"]
[White "Brynell, Stellan"]
[Black "Bagirov, Vladimir"]
[Result "1/2-1/2"]
[WhiteElo "2485"]
[BlackElo "2460"]
[PlyCount "107"]
[EventDate "1989.06.??"]
[Source "ChessBase"]

1. d4 Nf6 2. Nc3 d5 3. Bg5 e6 4. e4 Bb4 5. e5 h6 6. Bd2 Bxc3 7. bxc3 Ne4 8. Qg4 Kf8 9. Bd3 c5 10. Nf3 Nxd2 11. Kxd2 Qa5 12. Qf4 Nc6 13. dxc5 Qxc5 14. Nd4 Nxd4 15. Qxd4 Qxd4 16. cxd4 Bd7 17. Rhb1 Rb8 18. a4 Ke7 19. a5 Bc6 20. Ra3 Rbc8 21. Rc3 Kd7 22. Rc5 Rc7 23. Rb3 f5 24. Rbc3 Rhc8 25. f4 Kd8 26. Rb3 Ba4 27. Rxc7 Rxc7 28. Rc3 Rf7 29. Be2 Re7 30. g4 fxg4 31. Bxg4 Bd7 32. Ke3 g5 33. fxg5 hxg5 34. Rb3 Ba4 35. Rb2 Kc7 36. c3 Bd7 37. Bf3 Rh7 38. Rg2 b6 39. axb6+ Kxb6 40. Rxg5 Rxh2 41. Rg7 Bc8 42. Rg8 Kc7 43. Rg7+ Kb6 44. Rg6 Kc7 45. Bg4 Rg2 46. Kf3 Rc2 47. Bxe6 Rxc3+ 48. Ke2 Ba6+ 49. Ke1 Bc4 50. Rg7+ Kb6 51. Rd7 Rd3 52. Rd6+ Ka5 53. Bxd5 Rxd4 54. Bxc4 1/2-1/2

[Event "Metz FRA"]
[Site "?"]
[Date "2006.04.25"]
[Round "4"]
[White "Spraggett Kevin"]
[Black "Laurent Bruno"]
[Result "1-0"]
[WhiteElo "2578"]
[BlackElo "2365"]
[PlyCount "123"]
[EventDate "2006.??.??"]
[Source "www.chesslib.no"]
[SourceDate "2004.05.04"]

1. e4 e6 2. d4 d5 3. Nc3 Nf6 4. Bg5 Bb4 5. exd5 Qxd5 6. Bxf6 Bxc3+ 7. bxc3 gxf6 8. Qd2 Qa5 9. Be2 Bd7 10. Nf3 Bc6 11. c4 Qxd2+ 12. Kxd2 Nd7 13. Rhb1 b6 14. a4 a5 15. Ke3 Ke7 16. g3 Rab8 17. c3 Bb7 18. Rb2 Bc6 19. Ne1 Bb7 20. Nd3 Ba6 21. Nf4 Rhc8 22. Rab1 Rd8 23. f3 Rdc8 24. Kf2 Kf8 25. Ng2 Ke7 26. Ne3 Rd8 27. h4 Rdc8 28. Bd3 Rd8 29. Re1 Kf8 30. h5 h6 31. g4 Bb7 32. Bc2 Bc6 33. Kg3 Bb7 34. Bb3 Ba6 35. Ba2 Bb7 36. Rf2 Kg7 37. Kh4 Re8 38. Bb3 Red8 39. Bc2 Bc6 40. Rg1 Rg8 41. Rg3 Kf8 42. Rd2 Rd8 43. Rd1 Ke7 44. Re1 Kf8 45. f4 Re8 46. Nd1 Ke7 47. Nf2 Bb7 48. Nh3 Ba6 49. Bd3 Rc8 50. g5 f5 51. Bxf5 Bxc4 52. Bh7 Rg7 53. Bb1 Rh8 54. g6 Rhg8 55. f5 Kd6 56. fxe6 fxe6 57. Rf3 b5 58. axb5 a4 59. Nf2 a3 60. Bd3 Nb6 61. Ne4+ Ke7 62. Bxc4 1-0

[Event "Rymarov op"]
[Site "?"]
[Date "1999.??.??"]
[Round "?"]
[White "Totsky Leonid"]
[Black "Koutsin Sergey"]
[Result "1-0"]
[WhiteElo "2520"]
[BlackElo "2415"]
[PlyCount "51"]
[EventDate "1999.??.??"]
[Source "www.chesslib.no"]
[SourceDate "2004.05.04"]

1. e4 e6 2. d4 d5 3. Nc3 Nf6 4. Bg5 Bb4 5. exd5 Qxd5 6. Bxf6 gxf6 7. Nf3 c5 8. Qd2 Qd6 9. a3 Bxc3 10. Qxc3 Nd7 11. O-O-O a6 12. Qe3 b5 13. d5 e5 14. Nh4 Nb6 15. Bd3 c4 16. Bf5 Bb7 17. Be4 Bc8 18. Rhf1 Na4 19. c3 Nc5 20. f4 Bg4 21. Rde1 Bd7 22. fxe5 fxe5 23. Qg5 h6 24. Nf5 Bxf5 25. Qxf5 Ra7 26. Qc8+ 1-0

[Event "Belgorod"]
[Site "Belgorod RUS"]
[Date "1990.??.??"]
[Round "?"]
[White "Laketic, Gojko"]
[Black "Borges Mateos, Juan"]
[Result "1-0"]
[WhiteElo "2425"]
[BlackElo "2500"]
[PlyCount "70"]
[EventDate "1990.??.??"]
[Source "www.chesslib.no"]
[SourceDate "2004.05.04"]

1. e4 e6 2. d4 d5 3. Nc3 Nf6 4. Bg5 Bb4 5. exd5 Qxd5 6. Bxf6 Bxc3+ 7. bxc3 gxf6 8. Qd2 Bd7 9. c4 Qe4+ 10. Ne2 Ba4 11. O-O-O Na6 12. Nc3 Qc6 13. d5 Qc5 14. Nxa4 Qa3+ 15. Nb2 Nb4 16. c3 Nxa2+ 17. Kc2 O-O-O 18. Qe3 c5 19. d6 a5 20. Be2 a4 21. Nxa4 Qxa4+ 22. Kb2 Kd7 23. Qxc5 Rc8 24. Qb6 Qc6 25. Qb3 Qxg2 26. Kxa2 Rc5 27. Rhg1 Ra8+ 28. Kb2 Qe4 29. Rd2 Rca5 30. Rg7 Ra2+ 31. Qxa2 Rxa2+ 32. Kxa2 Qf4 33. Rxf7+ Kd8 34. Rb2 Qxd6 35. Rbxb7 Qd2+ 1-0

[Event "SUI-chT"]
[Site "Biel/Luzern/Zuerich/Bern"]
[Date "2004.05.01"]
[Round "3.2"]
[White "Brendel, Oliver"]
[Black "Glek, Igor"]
[Result "0-1"]
[WhiteElo "2391"]
[BlackElo "2532"]
[PlyCount "48"]
[EventDate "2004.02.29"]
[Source "Roberto Alvarez"]
[SourceDate "2004.06.07"]

1. e4 e6 2. d4 d5 3. Nc3 Nf6 4. Bg5 Bb4 5. exd5 Qxd5 6. Bxf6 Bxc3+ 7. bxc3 gxf6 8. Qg4 Qa5 9. Ne2 Ke7 10. Qe4 Bd7 11. Qxb7 Nc6 12. Qb3 Rab8 13. Qc4 Rb2 14. g3 Rxc2 15. Bg2 Ne5 16. Qb4+ Qxb4 17. cxb4 Nd3+ 18. Kf1 Bb5 19. a4 Bc4 20. Be4 f5 21. Bxd3 Bxd3 22. Re1 Rd8 23. f3 Rxd4 24. Kf2 Rxb4 0-1

[Event "FRA-ch Prelim Gr-A"]
[Site "Besancon"]
[Date "1999.08.19"]
[Round "4"]
[White "Degraeve, Jean Marc"]
[Black "Benitah, Yohan"]
[Result "1/2-1/2"]
[WhiteElo "2542"]
[BlackElo "2381"]
[PlyCount "261"]
[EventDate "1999.08.16"]
[Source "ChessBase"]
[SourceDate "1999.12.01"]

1. e4 e6 2. d4 d5 3. Nc3 Nf6 4. Bg5 Bb4 5. exd5 Qxd5 6. Bxf6 gxf6 7. Qd2 Qg5 8. f4 Qa5 9. Nge2 Bd7 10. O-O-O Nc6 11. a3 Bxc3 12. Nxc3 O-O-O 13. Ne4 Qxd2+ 14. Rxd2 f5 15. Ng5 Be8 16. Bb5 h6 17. Nf3 Rg8 18. Rhd1 a6 19. Bc4 Ne7 20. g3 Nd5 21. Bxd5 exd5 22. Re1 Bd7 23. Rde2 Rde8 24. Re5 f6 25. Rxe8+ Rxe8 26. Rxe8+ Bxe8 27. Nh4 Bd7 28. Ng2 Kd8 29. Ne3 c6 30. a4 b6 31. c3 Kc7 32. Kc2 Kd6 33. a5 bxa5 34. c4 dxc4 35. Nxc4+ Kd5 36. Nb6+ Kd6 37. Nxd7 Kxd7 38. Kb3 Kc7 39. Ka4 Kb6 40. b3 h5 41. h3 Ka7 42. Kxa5 Kb7 43. Kb4 Kb6 44. Kc4 a5 45. h4 Kb7 46. Kc5 Kc7 47. d5 cxd5 48. Kxd5 Kb6 49. Ke6 Kb5 50. Kxf5 Kb4 51. Kxf6 Kxb3 52. Kg6 a4 53. f5 a3 54. f6 a2 55. f7 a1=Q 56. f8=Q Qe5 57. Qf4 Qe2 58. Kf5 Qb5+ 59. Qe5 Qf1+ 60. Ke6 Qa6+ 61. Kf5 Qf1+ 62. Kg5 Qf3 63. Qf4 Qd5+ 64. Kh6 Kc2 65. Qe3 Qf7 66. Qe4+ Kb2 67. Qe5+ Ka3 68. Qa5+ Kb2 69. Qxh5 Qf8+ 70. Kg5 Qd8+ 71. Kf5 Qd5+ 72. Kg6 Qd6+ 73. Kg7 Qc7+ 74. Kh6 Qxg3 75. Qg5 Qd6+ 76. Kh7 Ka3 77. Qe3+ Ka2 78. Qe4 Qf6 79. Qd5+ Ka3 80. h5 Qe7+ 81. Kg6 Qe8+ 82. Kg5 Qe7+ 83. Kg4 Qg7+ 84. Qg5 Qd7+ 85. Kh4 Qd4+ 86. Kh3 Qd1 87. Qe3+ Ka2 88. h6 Qh5+ 89. Kg3 Qg6+ 90. Kf2 Qc2+ 91. Qe2 Ka1 92. Kf1 Qf5+ 93. Ke1 Qa5+ 94. Qd2 Qe5+ 95. Kf1 Qf5+ 96. Kg1 Qg6+ 97. Kf2 Qf5+ 98. Kg3 Qg6+ 99. Kf3 Qh5+ 100. Ke4 Qg6+ 101. Ke5 Qe8+ 102. Kd4 Qd7+ 103. Kc3 Qc6+ 104. Kd3 Qd5+ 105. Kc2 Qa2+ 106. Kd1 Qb3+ 107. Ke2 Qc2 108. Ke3 Qb3+ 109. Kf2 Qf7+ 110. Ke1 Qe6+ 111. Kf2 Qf5+ 112. Kg1 Qb1+ 113. Kf2 Qf5+ 114. Ke1 Qe6+ 115. Kd1 Qb3+ 116. Ke2 Qc2 117. Ke3 Qb3+ 118. Kd4 Qa4+ 119. Kd3 Q 5+ 120. Kc2 Qb2+ 121. Kd1 Qb3+ 122. Ke1 Qe6+ 123. Kf1 Qf6+ 124. Ke2 Qa6+ 125. Kf2 Qf6+ 126. Kg3 Qg6+ 127. Kh4 Qe4+ 128. Kh5 Qe8+ 129. Kg4 Qe6+ 130. Kf3 Qh3+ 131. Kf2 1/2-1/2

[Event "OHRA"]
[Site "Amsterdam"]
[Date "1983.??.??"]
[Round "?"]
[White "Kuijf, Marinus"]
[Black "Ree, Hans"]
[Result "0-1"]
[WhiteElo "2420"]
[BlackElo "2500"]
[PlyCount "78"]
[EventDate "1983.07.??"]
[Source "ChessBase"]

1. e4 e6 2. d4 d5 3. Nc3 Nf6 4. Bg5 Bb4 5. Nge2 dxe4 6. a3 Be7 7. Bxf6 gxf6 8. Nxe4 f5 9. N4c3 b6 10. Ng3 Bb7 11. Bb5+ c6 12. Bc4 Qd6 13. Qd3 Nd7 14. O-O-O O-O-O 15. Rhe1 h5 16. Qe2 Qf4+ 17. Kb1 h4 18. Nf1 Nf6 19. g3 Qc7 20. Ne3 Bf8 21. Qf3 Kb8 22. Bb3 Bh6 23. Nxf5 exf5 24. Qxf5 Rd6 25. Ne4 Nxe4 26. Rxe4 hxg3 27. hxg3 Bg7 28. Rde1 Bc8 29. Qf4 Rd7 30. Qg4 Bf6 31. Qd1 Rhd8 32. c3 c5 33. Rf4 Bg7 34. d5 Re7 35. Rxe7 Qxe7 36. Qh5 f5 37. Qg6 Qf6 38. Qh5 Bf8 39. g4 Qh6 0-1

[Event "Benidorm Open"]
[Site "Benidorm"]
[Date "1991.??.??"]
[Round "7"]
[White "Hodgson, Julian M"]
[Black "Garbarino, Rodolfo"]
[Result "1-0"]
[WhiteElo "2545"]
[BlackElo "2375"]
[PlyCount "77"]
[EventDate "1991.06.??"]
[Source "www.chesslib.no"]
[SourceDate "2004.05.04"]

1. d4 e6 2. e4 d5 3. Nc3 Nf6 4. Bg5 Bb4 5. e5 h6 6. exf6 hxg5 7. fxg7 Rg8 8. h4 gxh4 9. Nf3 Nc6 10. Rxh4 Qf6 11. Qd2 Bd7 12. O-O-O O-O-O 13. Kb1 Qxg7 14. a3 Be7 15. Rh3 Rh8 16. g3 Bf6 17. Rxh8 Rxh8 18. Bg2 Qh6 19. Qe1 Qg7 20. Ne2 Kb8 21. Qd2 Ne7 22. Nf4 Nf5 23. Qb4 b6 24. c4 Nxd4 25. cxd5 a5 26. Qd2 Nb3 27. Qe3 Nc5 28. Rc1 e5 29. Nd3 Bf5 30. Rxc5 bxc5 31. Ka2 e4 32. Nxc5 exf3 33. Qb3+ Kc8 34. Qb7+ Kd8 35. Qb8+ Bc8 36. d6 fxg2 37. Qxc7+ Ke8 38. Qxc8+ Bd8 39. Qd7+ 1-0

[Event "Corr"]
[Site "?"]
[Date "1996.06.17"]
[Round "?"]
[White "Teumer Joerg"]
[Black "Polsterer Heinz (AUT)"]
[Result "1-0"]
[WhiteElo "2455"]
[BlackElo "2460"]
[PlyCount "97"]
[EventDate "1996.??.??"]
[Source "www.chesslib.no"]
[SourceDate "2004.05.04"]

1. e4 e6 2. d4 d5 3. Nc3 Nf6 4. Bg5 Bb4 5. exd5 Qxd5 6. Bxf6 gxf6 7. Nge2 c5 8. a3 Bxc3+ 9. Nxc3 Qxd4 10. Qxd4 cxd4 11. Nb5 Na6 12. O-O-O Ke7 13. Rxd4 Nc5 14. Nc3 b6 15. Be2 Bb7 16. Rhd1 Rad8 17. Rxd8 Rxd8 18. Rxd8 Kxd8 19. g4 Ke7 20. Kd2 Bc6 21. Ke3 Nb7 22. Bd3 h6 23. Be4 Na5 24. Bxc6 Nxc6 25. f4 Na5 26. Kd3 Nb7 27. Kd4 Nd6 28. Ne4 Nb5+ 29. Ke3 e5 30. c3 Nc7 31. Ng3 Nd5+ 32. Ke4 Nxf4 33. Nf5+ Ke6 34. Nxh6 Nh3 35. Nf5 Nf2+ 36. Kf3 Nd1 37. h4 Nxb2 38. h5 Nd3 39. h6 Nf4 40. h7 Ng6 41. Ke4 Nh8 42. Ng7+ Ke7 43. a4 Ng6 44. Kd5 Kd7 45. Nf5 Nf4+ 46. Kc4 Ng6 47. Kb5 Kc7 48. Ka6 Kb8 49. Nd6 1-0

[Event "Wch U20"]
[Site "Yerevan"]
[Date "1999.09.29"]
[Round "12"]
[White "Galkin, Alexander"]
[Black "Lopez Martinez, Josep Manuel"]
[Result "1-0"]
[WhiteElo "2535"]
[BlackElo "2378"]
[PlyCount "63"]
[EventDate "1999.09.18"]
[Source "ChessBase"]
[SourceDate "1999.11.18"]

1. e4 e6 2. d4 d5 3. Nc3 Nf6 4. Bg5 Bb4 5. exd5 Qxd5 6. Bxf6 Bxc3+ 7. bxc3 gxf6 8. Qd2 Qa5 9. Ne2 Bd7 10. Nc1 Bc6 11. Nb3 Qd5 12. f3 Bb5 13. Bd3 Bxd3 14. cxd3 Nd7 15. O-O O-O 16. Qf4 Rac8 17. Rae1 Qd6 18. Qh4 b6 19. f4 Kh8 20. f5 e5 21. Qh5 exd4 22. cxd4 Qd5 23. Re7 Rce8 24. Qe2 Rxe7 25. Qxe7 Rg8 26. g3 a5 27. Rf4 a4 28. Nd2 c5 29. Nc4 cxd4 30. Nd6 Ne5 31. Qxf6+ Rg7 32. Ne8 1-0

[Event "Geneve op"]
[Site "Geneve"]
[Date "1996.??.??"]
[Round "9"]
[White "Sokolov, Andrei"]
[Black "Goldgewicht, Lionel"]
[Result "1-0"]
[WhiteElo "2580"]
[BlackElo "2325"]
[PlyCount "129"]
[EventDate "1996.01.??"]
[Source "ChessBase"]

1. e4 e6 2. d4 d5 3. Nc3 Nf6 4. Bg5 Bb4 5. exd5 Qxd5 6. Bxf6 gxf6 7. Qd2 Bxc3 8. Qxc3 Nc6 9. Nf3 Bd7 10. Bc4 Qe4+ 11. Qe3 Qxc2 12. Rc1 Qf5 13. d5 Ne5 14. Nxe5 Qxe5 15. Qxe5 fxe5 16. dxe6 fxe6 17. O-O Ke7 18. Rfe1 Kf6 19. Bf1 Bc6 20. Rc5 e4 21. Bb5 Bxb5 22. Rxb5 b6 23. Rxe4 Rad8 24. g3 Rd5 25. Rb3 Rhd8 26. Rbe3 R8d6 27. Rh4 h5 28. Rf3+ Kg6 29. Rhf4 Rf5 30. b4 c5 31. Rxf5 exf5 32. bxc5 bxc5 33. Rc3 Rc6 34. Kf1 Kf6 35. Rc4 a6 36. Ke2 Ke6 37. Kd2 Kd5 38. Rh4 Rh6 39. Kc3 Kd6 40. Rf4 Rf6 41. h3 Ke5 42. Rh4 Rh6 43. Kc4 Kd6 44. Rf4 Rf6 45. a4 Kc6 46. a5 Kd6 47. Rf3 Kc6 48. Rb3 Kc7 49. Kxc5 f4 50. g4 hxg4 51. hxg4 Rg6 52. f3 Rg5+ 53. Kb4 Rd5 54. Rc3+ Kd6 55. Rc4 Rb5+ 56. Ka4 Ke5 57. Re4+ Kd5 58. Rb4 Rc5 59. Rxf4 Rc1 60. Kb4 Ra1 61. Kc3 Re1 62. Rf5+ Ke6 63. Kd4 Ra1 64. Ke3 Ke7 65. Kf2 1-0

[Event "Copenhagen Open"]
[Site "Copenhagen DEN"]
[Date "1991.??.??"]
[Round "10"]
[White "Hector, Jonny"]
[Black "Piskov, Yury"]
[Result "0-1"]
[WhiteElo "2465"]
[BlackElo "2440"]
[PlyCount "100"]
[EventDate "1991.06.??"]
[Source "www.chesslib.no"]
[SourceDate "2004.05.04"]

1. e4 e6 2. d4 d5 3. Nc3 Nf6 4. Bg5 Bb4 5. Nge2 h6 6. Bxf6 Qxf6 7. a3 Bxc3+ 8. Nxc3 c6 9. Qd2 O-O 10. f4 b6 11. Be2 Bb7 12. Bf3 Qe7 13. O-O-O b5 14. f5 a5 15. fxe6 fxe6 16. exd5 exd5 17. Rde1 Qd6 18. Bg4 b4 19. Na4 bxa3 20. b3 Na6 21. Nb6 Rad8 22. g3 Nc7 23. Na4 Bc8 24. Bxc8 Rxc8 25. Nc5 Ra8 26. Re5 a4 27. b4 Rf3 28. Rhe1 Raf8 29. Kb1 Nb5 30. Re6 Qb8 31. Nd7 Nc3+ 32. Qxc3 Rxc3 33. Nxb8 Rxb8 34. Re8+ Rxe8 35. Rxe8+ Kf7 36. Rc8 Ke6 37. b5 Kd7 38. Rg8 cxb5 39. Rxg7+ Kc6 40. Rg6+ Kb7 41. Rg7+ Kb6 42. Rg8 Ka5 43. Rd8 a2+ 44. Kxa2 Rxc2+ 45. Kb1 Rxh2 46. Rxd5 a3 47. Rf5 Ka4 48. d5 b4 49. d6 a2+ 50. Ka1 Ka3 0-1

[Event "Kuban Spring"]
[Site "?"]
[Date "2002.04.??"]
[Round "?"]
[White "Skorchenko Dmitry"]
[Black "Maiorov Oleg"]
[Result "0-1"]
[WhiteElo "2431"]
[BlackElo "2472"]
[PlyCount "90"]
[EventDate "2002.??.??"]
[Source "www.chesslib.no"]
[SourceDate "2004.05.04"]

1. e4 e6 2. d4 d5 3. Nc3 Nf6 4. Bg5 Bb4 5. exd5 Qxd5 6. Bxf6 gxf6 7. Qd2 Bxc3 8. bxc3 c5 9. Qe3 Nc6 10. dxc5 e5 11. Nf3 Bf5 12. Bb5 O-O-O 13. Ba4 Rhg8 14. Bb3 Qe4 15. g3 Qg4 16. h3 Qh5 17. Nd2 Kb8 18. Qf3 Qg6 19. O-O-O Na5 20. Qe2 Nxb3+ 21. Nxb3 Be4 22. Rhe1 Bg2 23. Rd6 Bxh3 24. Qd2 Rc8 25. c6 b6 26. c4 Qg4 27. c5 Qa4 28. Qd3 Be6 29. cxb6 axb6 30. Re4 Qxa2 31. Qb5 Qa3+ 32. Kb1 Kc7 33. Rxe6 Rgd8 34. Re7+ Qxe7 35. Qa6 Rd6 36. Rc4 Kd8 37. Qxb6+ Qc7 38. Qb4 Rb8 39. Qa3 Rb6 40. Qa8+ Ke7 41. Ra4 Qxc6 42. Ra7+ Ke6 43. Qf8 Rd1+ 44. Kb2 Rxb3+ 45. Kxb3 Rb1+ 0-1

[Event "BLR-ch Minsk"]
[Site "Minsk"]
[Date "1996.??.??"]
[Round "5"]
[White "Tihonov, Jurij"]
[Black "Aleksandrov, Aleksej"]
[Result "1/2-1/2"]
[WhiteElo "2365"]
[BlackElo "2535"]
[PlyCount "70"]
[EventDate "1996.??.??"]
[Source "ChessBase"]

1. d4 Nf6 2. Nc3 d5 3. Bg5 e6 4. e4 Bb4 5. e5 h6 6. Bd2 Bxc3 7. Bxc3 Ne4 8. Bd3 Nxc3 9. bxc3 c5 10. Qg4 Qa5 11. Ne2 O-O 12. dxc5 Nc6 13. Qg3 f6 14. exf6 Rxf6 15. Qd6 Rf7 16. O-O Qc7 17. Bg6 Re7 18. Nf4 Qxd6 19. cxd6 Rd7 20. Nxe6 Rxd6 21. Nf4 Ne5 22. Bh5 Bg4 23. Bxg4 Nxg4 24. Rfd1 Rad8 25. Rab1 R8d7 26. Rb4 Nf6 27. Rbd4 Ra6 28. a4 Rc7 29. R1d3 Rc5 30. f3 Rca5 31. Rb4 Rxa4 32. Nxd5 Ra1+ 33. Kf2 Nxd5 34. Rxd5 R6a2 35. Rd2 b6 1/2-1/2

[Event "Spanien"]
[Site "Spanien"]
[Date "1989.??.??"]
[Round "?"]
[White "Savon, Vladimir A"]
[Black "Glek, Igor V"]
[Result "0-1"]
[WhiteElo "2425"]
[BlackElo "2475"]
[PlyCount "82"]
[EventDate "1989.??.??"]
[Source "www.chesslib.no"]
[SourceDate "2004.05.04"]

1. e4 e6 2. d4 d5 3. Nc3 Nf6 4. Bg5 Bb4 5. exd5 Qxd5 6. Nf3 Ne4 7. Bd2 Bxc3 8. bxc3 Nxd2 9. Qxd2 b6 10. Bd3 Bb7 11. Qf4 Qd6 12. Qg4 Nd7 13. O-O O-O 14. a4 Nf6 15. Qh3 c5 16. Rfd1 Be4 17. Nd2 Bxd3 18. Qxd3 Rac8 19. a5 Qc7 20. axb6 axb6 21. Rdc1 Rfd8 22. Nf3 Rd6 23. Ra3 h6 24. g3 Nd5 25. Qe2 cxd4 26. cxd4 Nc3 27. Qd3 e5 28. Nxe5 Rxd4 29. Qa6 Re4 30. Rxc3 Qxc3 31. Nd3 Qc7 32. Rb1 Re6 33. Nb4 Rce8 34. Qf1 Qc3 35. Rb3 Qd4 36. Qd3 Qa1+ 37. Kg2 Re1 38. Nd5 Rg1+ 39. Kh3 Qe5 40. Qf3 Qe6+ 41. g4 h5 0-1

[Event "Cansys GM-Nov"]
[Site "Budapest HUN"]
[Date "1991.??.??"]
[Round "5"]
[White "Van Mil, Johannes A J"]
[Black "Shereshevski, Mikhail"]
[Result "1/2-1/2"]
[WhiteElo "2430"]
[BlackElo "2470"]
[PlyCount "107"]
[EventDate "1991.11.??"]
[Source "www.chesslib.no"]
[SourceDate "2004.05.04"]

1. e4 e6 2. d4 d5 3. Nc3 Nf6 4. Bg5 Bb4 5. Nge2 dxe4 6. a3 Be7 7. Bxf6 Bxf6 8. Nxe4 Nc6 9. c3 Qd5 10. Nxf6+ gxf6 11. Ng3 Bd7 12. Qh5 Qb3 13. Rb1 e5 14. dxe5 Qa2 15. Bd3 Nxe5 16. Qe2 Be6 17. O-O O-O-O 18. Bf5 Kb8 19. Bxe6 fxe6 20. Rbd1 Qc4 21. Qe4 Qxe4 22. Nxe4 Nd7 23. Rd3 h6 24. Rfd1 Kc8 25. g4 Ne5 26. Rxd8+ Rxd8 27. Rxd8+ Kxd8 28. Nxf6 Ke7 29. g5 hxg5 30. Ne4 Nc4 31. b3 Nxa3 32. Nxg5 a5 33. Ne4 Nb5 34. Kf1 Nd6 35. Nd2 b5 36. Ke2 Kf6 37. Kd3 c5 38. c4 a4 39. cxb5 a3 40. Kc2 Nxb5 41. Ne4+ Ke5 42. Nxc5 Nd4+ 43. Kb1 Kd5 44. b4 Kc4 45. h4 Kxb4 46. h5 Nf5 47. Nxe6 Kb3 48. Nc5+ Kc4 49. Ne4 Kd4 50. Ng3 Nh6 51. Ka2 Ke5 52. Kxa3 Kf4 53. Kb4 Kf3 54. Nh1 1/2-1/2

[Event "URS-ch sf"]
[Site "Minsk"]
[Date "1983.??.??"]
[Round "?"]
[White "Zaitsev, Igor A"]
[Black "Korzubov, Peter"]
[Result "1/2-1/2"]
[WhiteElo "2445"]
[BlackElo "2450"]
[PlyCount "152"]
[EventDate "1983.09.??"]
[Source "ChessBase"]

1. e4 e6 2. d4 d5 3. Nc3 Nf6 4. Bg5 Bb4 5. Bd3 dxe4 6. Bxe4 h6 7. Bxf6 Qxf6 8. Nf3 O-O 9. O-O Rd8 10. Nb5 Bd6 11. Qe2 a6 12. Na3 Nc6 13. Rad1 Bd7 14. Nc4 Be8 15. c3 Qe7 16. Rfe1 f5 17. Nxd6 Qxd6 18. Bxc6 Bxc6 19. Qxe6+ Qxe6 20. Rxe6 Bxf3 21. gxf3 c5 22. d5 c4 23. Rb6 Rd7 24. Rd4 Rc8 25. Kf1 Rc5 26. Ke2 Rcxd5 27. Rxd5 Rxd5 28. Rxb7 f4 29. a4 Re5+ 30. Kd2 Rd5+ 31. Ke2 Re5+ 32. Kf1 Ra5 33. Rb4 Rc5 34. Ke2 Kf7 35. Rb7+ Kf8 36. h4 Ra5 37. Rb4 Re5+ 38. Kd2 Rd5+ 39. Ke2 Re5+ 40. Kf1 Rc5 41. Kg2 Kf7 42. Rb7+ Kg8 43. Kh3 h5 44. Rb8+ Kf7 45. Rb7+ Kg8 46. Kg2 Ra5 47. Rb4 Rc5 48. Rb8+ Kf7 49. Rb7+ Kg8 50. Rd7 Ra5 51. Rd4 Rxa4 52. b4 Ra3 53. Rxc4 Kh7 54. Kf1 a5 55. bxa5 Rxa5 56. Rxf4 g5 57. Rc4 gxh4 58. Kg2 Kg6 59. Rxh4 Rc5 60. c4 Kf6 61. Re4 Kg6 62. f4 Rc8 63. Kg3 Kf6 64. Rd4 Kg6 65. Kf3 Kf6 66. Ke3 Re8+ 67. Kf3 Rc8 68. Kg3 Rc7 69. Kh4 Rc5 70. Re4 Kg6 71. Kg3 Kf6 72. Kf3 Rc7 73. Ke3 Rh7 74. f3 Rc7 75. Kd4 h4 76. Ke3 h3 1/2-1/2

[Event "Balaton op"]
[Site "?"]
[Date "2001.09.09"]
[Round "8"]
[White "Peter Ambrus"]
[Black "Czebe Attila"]
[Result "0-1"]
[WhiteElo "2421"]
[BlackElo "2474"]
[PlyCount "128"]
[EventDate "2001.??.??"]
[Source "www.chesslib.no"]
[SourceDate "2004.05.04"]

1. d4 e6 2. e4 d5 3. Nc3 Nf6 4. Bg5 Bb4 5. exd5 Qxd5 6. Bxf6 gxf6 7. Qd2 Qa5 8. Nge2 Nd7 9. a3 Nb6 10. Qc1 Bd6 11. Ng3 Nd5 12. Nge2 Nxc3 13. Nxc3 Bd7 14. Bc4 O-O-O 15. Qh6 Rhg8 16. g3 Bb4 17. Qe3 Bc6 18. O-O Bxc3 19. bxc3 Qh5 20. Bd3 Qa5 21. c4 h5 22. Be4 Bxe4 23. Qxe4 Rg4 24. Qf3 Rgxd4 25. Rab1 c6 26. Qxf6 Qf5 27. Qxf5 exf5 28. Rfe1 Re4 29. Kg2 Rd2 30. Kf3 Rxc2 31. Rxe4 fxe4+ 32. Kxe4 Rxf2 33. h4 Kc7 34. Rb3 a5 35. c5 f5+ 36. Ke5 Rc2 37. Kd4 Rd2+ 38. Kc4 Re2 39. Rf3 Re4+ 40. Kc3 Re5 41. Kd4 Rd5+ 42. Kc4 Kd8 43. Rb3 Rd7 44. Rf3 Rf7 45. Kd4 Rd7+ 46. Kc4 Rd5 47. Rb3 Kc7 48. Rf3 b5+ 49. cxb6+ Kxb6 50. Rf1 Kc7 51. Rb1 Re5 52. Rf1 Kd6 53. Rd1+ Ke7 54. Rd3 Re1 55. Kc5 Rc1+ 56. Kb6 a4 57. Ka5 Rc4 58. Rf3 Ke6 59. Rf4 Rc3 60. Rxa4 Rb3 61. Ka6 c5 62. Ka7 Kd5 63. Rf4 Rxa3+ 64. Kb6 Rb3+ 0-1

[Event "EUCup m"]
[Site "Moscow RUS"]
[Date "1991.??.??"]
[Round "?"]
[White "Domont, Alexandre"]
[Black "Glek, Igor V"]
[Result "1/2-1/2"]
[WhiteElo "2355"]
[BlackElo "2540"]
[PlyCount "135"]
[EventDate "1991.??.??"]
[Source "www.chesslib.no"]
[SourceDate "2004.05.04"]

1. e4 e6 2. d4 d5 3. Nc3 Nf6 4. Bg5 Bb4 5. Nge2 dxe4 6. a3 Be7 7. Bxf6 Bxf6 8. Nxe4 Be7 9. g3 O-O 10. Bg2 Nd7 11. O-O e5 12. Qd3 exd4 13. Nxd4 Nc5 14. Nxc5 Bxc5 15. Rad1 Qf6 16. b4 Bd6 17. Nb5 Be5 18. f4 Qb6+ 19. Kh1 a6 20. Nc3 Bxc3 21. Qxc3 Bg4 22. Rd5 h6 23. Rc5 c6 24. f5 Rfe8 25. Rf4 Qd8 26. h3 Be2 27. f6 g6 28. Rf2 Qd6 29. Kh2 Rad8 30. Rf4 Re6 31. Re4 Rxe4 32. Bxe4 Qd2 33. Qxd2 Rxd2 34. Re5 Bc4+ 35. Kg1 Rd1+ 36. Kg2 Rd2+ 37. Kf3 Rd6 38. Re8+ Kh7 39. Re7 Rxf6+ 40. Ke3 b6 41. Kd4 Bf1 42. Ke5 Kg7 43. h4 Bb5 44. g4 Rf1 45. Rb7 Rg1 46. h5 gxh5 47. gxh5 Rg5+ 48. Kd6 Rxh5 49. Bxc6 Bxc6 50. Kxc6 Rh3 51. Kxb6 Rxa3 52. c4 Ra4 53. Ka7 a5 54. c5 axb4+ 55. Kb8 Ra1 56. c6 Rc1 57. c7 Kg6 58. c8=Q Rxc8+ 59. Kxc8 h5 60. Kd7 h4 61. Kd6 h3 62. Rb8 Kf5 63. Rxb4 Kg5 64. Ke5 h2 65. Rb1 Kg4 66. Ke4 Kg3 67. Ke3 Kg2 68. Rh1 1/2-1/2

[Event "Corr"]
[Site "?"]
[Date "2002.06.15"]
[Round "?"]
[White "Mrkvicka Josef (CZE)"]
[Black "Bergmann Michael (GER)"]
[Result "1/2-1/2"]
[WhiteElo "2467"]
[BlackElo "2417"]
[PlyCount "44"]
[EventDate "2002.??.??"]
[Source "www.chesslib.no"]
[SourceDate "2004.05.04"]

1. e4 e6 2. d4 d5 3. Nc3 Nf6 4. Bg5 Bb4 5. exd5 Qxd5 6. Bxf6 Bxc3+ 7. bxc3 gxf6 8. Qd2 Nd7 9. Ne2 b6 10. Nf4 Qa5 11. c4 Qxd2+ 12. Kxd2 Bb7 13. Bd3 O-O-O 14. Rhe1 e5 15. Nd5 exd4 16. Re7 c6 17. Nf4 Ne5 18. Nh5 Rd7 19. Bf5 Kd8 20. Rxd7+ Nxd7 21. Bxd7 Kxd7 22. c3 Ba6 1/2-1/2

[Event "BL2-W9899"]
[Site "Germany"]
[Date "1999.03.07"]
[Round "7.3"]
[White "Kuijf, Marinus"]
[Black "Rogulj, Branko"]
[Result "1/2-1/2"]
[WhiteElo "2450"]
[BlackElo "2430"]
[PlyCount "67"]
[EventDate "1998.10.??"]
[Source "www.chesslib.no"]
[SourceDate "2004.05.04"]

1. e4 Nf6 2. Nc3 e6 3. d4 d5 4. Bg5 Bb4 5. Nge2 h6 6. Bxf6 Qxf6 7. a3 Ba5 8. b4 Bb6 9. e5 Qe7 10. Na4 O-O 11. Nf4 Bd7 12. c3 Bxa4 13. Qxa4 Nd7 14. Bd3 a5 15. b5 Rfc8 16. O-O c5 17. bxc6 Rxc6 18. Ne2 Bd8 19. Qd1 Nb6 20. a4 Nc4 21. Bc2 Rb6 22. Qd3 g6 23. Nf4 Qg5 24. g3 h5 25. Rab1 Rxb1 26. Rxb1 b6 27. Bd1 Rc8 28. Bf3 h4 29. Bg2 Kg7 30. Ra1 Be7 31. Qb1 hxg3 32. hxg3 Qf5 33. Qb5 Rh8 34. Qb1 1/2-1/2